00961nam a22002777a 45000010005000000030006000050050017000110080041000280200018000690400029000870500015001160820010001311000019001412450065001602600040002253000060002654900026003255050008003515200092003595210029004515210020004806500028005009420015005289990015005439520125005584480FISKH20240911163926.0240911b cb ||||| |||| 00| 0 eng d a9780679873648 aFISKHbengcFISKHdFISKH aPZ7.F22275 a813.5 aFarber, Erica  aPirate Soup / cWritten by Erica Farber and J.R . Sansevere  aNew York : bRandom House ; c1996. a22 unnumbered pages : bcolor illustrations ;c21 cm .  aCritters of the Night aH  a A young child gives advice on what to do if a pirate ship appears outside your window.8 a430 bLexile estimate 8 aH bRaz-Plus  apirates vchildren book 2ddccBKn0 c4480d4480 00102ddc40708JUVFa001b001cTTPd2024-09-11l0oFAR 813.5 PZ7.F22275pFIS07108r2024-09-11 16:39:22w2024-09-11yBK